| 000 | 00650nam a22002057a 4500 | ||
|---|---|---|---|
| 999 |
_c3663 _d3663 |
||
| 003 | AR-CdUCM | ||
| 008 | 190307b ||||| |||| 00| 0 spa d | ||
| 040 |
_aMUNICIPALIDAD PROVINCIAL DEL CUSCO _cBIBLIOTECA MUNICIPAL DEL CUSCO |
||
| 082 |
_a869.56 / _bD28 |
||
| 100 |
_aDegregori, Carlos _911909 |
||
| 245 | _aPara calmar la ira de los Dioses / | ||
| 260 |
_aPerú _bCuadernos Trimestrales de Poesia , |
||
| 300 |
_a45 páginas ; _c19.5 cm. |
||
| 500 | _aDonación familia Nieto. (ejemplar 2) | ||
| 650 |
_aPoesia Contemporanea _93298 |
||
| 650 |
_aPoesia Peruana _9280 |
||
| 650 |
_aPoetas Peruanos _91611 |
||
| 942 |
_2ddc _cLIBROS |
||
| 945 | _artm | ||